Dilemas de los funcionarios punta de lanza en la gestión ambiental en Río San Juan, Nicaragua /

Este articulo analiza el papel normativo que desempeñan las instituciones del Estado y Gobierno Municipal en la gestión ambiental llevada a cabo en el municipio de El Castillo, Nicaragua, en cuanto a la protección de la Reserva Biológica Indio Maíz, y el uso y aprovechamiento de los recursos natural...

Celý popis

Uloženo v:
Podrobná bibliografie
Hlavní autor: Barrios J., Mariana
Další autoři: Broegaard, Rikke J.
Médium: Text
Témata:
Tagy: Přidat tag
Žádné tagy, Buďte první, kdo vytvoří štítek k tomuto záznamu!

MARC

LEADER 00000 a a2200000 04500
001 40269
003
040
100 |a Barrios J., Mariana  
245 |a Dilemas de los funcionarios punta de lanza en la gestión ambiental en Río San Juan, Nicaragua /  |c Mariana Barrios J. 
520 |a Este articulo analiza el papel normativo que desempeñan las instituciones del Estado y Gobierno Municipal en la gestión ambiental llevada a cabo en el municipio de El Castillo, Nicaragua, en cuanto a la protección de la Reserva Biológica Indio Maíz, y el uso y aprovechamiento de los recursos naturales en su zona de amortiguamiento. Muchos de los intereses que entran "en juego" sobre el manejo de los recursos naturales no son compatibles. Hay grandes diferencias entre las reglas y normas formales y las prácticas realizadas en el territorio, además de que hay normas y políticas que son contradictorias. Aunque se reconoce en la literatura internacional la importancia de dilemas a los que se enfrentan los "funcionarios punta de lanza" para entender los cuellos de botella reales, aún hay un vacío en la literatura. Así, este articulo presenta y analiza los dilemas de las instituciones y sus funcionarios que trabajan en la gestión ambiental en el municipio de El Castillo, una zona de alta pobreza.  
590 |a GRETTEL DISEMINAR/200801  
650 |a GESTION AMBIENTAL/CONSERVACION DE LOS RECURSOS/RECURSOS NATURALES/POLITICA AMBIENTAL/LEGISLACION AMBIENTAL/SECTOR AGRARIO/POBREZA/ECONOMIA/GOBIERNO LOCAL/ESTADO/INVESTIGACION/METODOLOGIA/NICARAGUA  
700 |a Broegaard, Rikke J.  
773 |g volumen40, número79 ( , 2008), páginas 9-28  
999 |c 26880  |d 26880